The Indian ordinances (1939-1944): (with notes) (Record no. 478195)

000 -LEADER
fixed length control field 00439cam a22001337a 4500
008 - FIXED-LENGTH DATA ELEMENTS--GENERAL INFORMATION
fixed length control field 180718b1944 xxu||||| |||| 00| 0 eng d
082 ## - DEWEY DECIMAL CLASSIFICATION NUMBER
Classification number A43x54 Ay99
245 ## - TITLE STATEMENT
Title The Indian ordinances (1939-1944): (with notes)
Statement of responsibility, etc. edited by Ramanathan Ayyar and R. Matrubutham
260 ## - PUBLICATION, DISTRIBUTION, ETC.
Place of publication, distribution, etc. Madras
Name of publisher, distributor, etc. Madras Law Journal office
Date of publication, distribution, etc. 1944
300 ## - PHYSICAL DESCRIPTION
Extent 271p.
650 ## - SUBJECT ADDED ENTRY--TOPICAL TERM
Topical term or geographic name entry element Ordinances - India
700 ## - ADDED ENTRY--PERSONAL NAME
Personal name Matrubutham, R., ed.
700 ## - ADDED ENTRY--PERSONAL NAME
Personal name Ayyar, P. Ramanatha, ed.
Holdings
Withdrawn status Lost status Damaged status Not for loan Permanent Location Current Location Date acquired Full call number Barcode Date last seen Price effective from Koha item type
        Indian Institute of Public Administration Indian Institute of Public Administration 2018-08-04 A43x54 Ay99 GR6565 2018-08-04 2018-08-04 GR

Powered by Koha